| 000 | 01876cam a2200457 a 4500 | ||
|---|---|---|---|
| 001 | 13591393 | ||
| 003 | OSt | ||
| 005 | 20260421075215.0 | ||
| 008 | 040513s2005 maua b 000 1 eng | ||
| 010 | _a 2004051829 | ||
| 020 | _a0763626309 | ||
| 020 | _a9780763626303 | ||
| 035 | _a13591393 | ||
| 040 |
_aDLC _cDLC _dDLC |
||
| 042 | _alcac | ||
| 050 | 0 | 0 |
_aPZ7.W8183 _bBde 2005 |
| 082 | 0 | 0 |
_a[Fic] _222 |
| 100 | 1 | _aWojciechowski, Susan. | |
| 245 | 1 | 0 |
_aBeany and the meany / _cSusan Wojciechowski ; illustrated by Susanna Natti. |
| 250 | _a1st ed. | ||
| 260 |
_aCambridge, Mass. : _bCandlewick Press, _c2005. |
||
| 300 |
_a102 p. : _bill. ; _c22 cm. |
||
| 336 |
_atext _btxt _2rdacontent |
||
| 337 |
_aunmediated _bn _2rdamedia |
||
| 338 |
_avolume _bnc _2rdacarrier |
||
| 520 | _aWhen Beany's best friend Carol Ann pairs with the new girl at school to create a science project, Beany must work with Kevin the bully. | ||
| 650 | 1 |
_aInterpersonal relations _vFiction. |
|
| 650 | 1 |
_aScience projects _vFiction. |
|
| 650 | 1 |
_aBest friends _vFiction. |
|
| 650 | 1 |
_aFriendship _vFiction. |
|
| 650 | 1 |
_aBullies and bullying _vFiction. |
|
| 655 | 7 |
_aFiction. _2lcgft _0https://id.loc.gov/authorities/genreForms/gf2014026339 |
|
| 700 | 1 |
_aNatti, Susanna, _eill. |
|
| 856 | 4 | 2 |
_3Contributor biographical information _uhttp://www.loc.gov/catdir/enhancements/fy0664/2004051829-b.html |
| 856 | 4 | 2 |
_3Publisher description _uhttp://www.loc.gov/catdir/enhancements/fy0664/2004051829-d.html |
| 856 | 4 | 1 |
_3Sample text _uhttp://www.loc.gov/catdir/enhancements/fy0664/2004051829-s.html |
| 906 |
_a7 _bcbc _corignew _d1 _eocip _f20 _gy-gencatlg |
||
| 942 |
_2lcc _cBK |
||
| 999 |
_c266214 _d266213 |
||